00777nac a22002291u 4500010001300000020001700013020002200030082001900052090001500071100003400086245006500120250001100185260004500196300002600241500001400267500003400281504005100315650002300366942002100389999001500410952012200425 a80477905 a0566021404 : a0566021781 (pbk.)00a670.687bT4541 c1647d1647 aThomas, Adin Bryn. 10aStock control in manufacturing industries /cAdin B. Thomas. a2d ed. aFarnborough, Eng. :bGower Press,c1980. axvi, 221 p. ;c23 cm. aDonations aDonations - Dr. Mostafa Gouda aIncludes bibliographical references and index. 0aInventory control. cBBk670.687T4541 c1647d1647 00104070aMAINbMAINc1STd2006-11-22ePurchasel1m23o670.687 THOp000002694r2025-07-15 00:00:00s2016-12-07yBB